| 000 | 00459nam a2200169Ia 4500 | ||
|---|---|---|---|
| 008 | 210210b1992 xxu||||| |||| 00| 0 eng d | ||
| 020 | _a0 7069 5975 2 | ||
| 082 | _a657.042 MAHI | ||
| 100 | _aMAHESHWARI (S N). | ||
| 245 | _aIntroduction to accountancy. Rev Ed 3. | ||
| 250 | _a | ||
| 260 |
_aNew Delhi. _bVikas Publishing House Pvt., ltd., _c1992 |
||
| 300 | _axvi,957 | ||
| 650 | _aIntroduction Accountancy | ||
| 690 | _aAccountancy | ||
| 906 | _a048672 | ||
| 999 |
_c97450 _d97450 |
||